KPOP GROUP start with letter "L" (2026update) - Statistics

General Stats
  • This quiz has been taken 104 times
    4 since last reset
  • The average score is 3 of 15
Answer Stats
Answer % Correct
F Laboum
67%
F LIGHTSUM
67%
F Lovelyz
67%
F Ladies’ Code
33%
F LAPILLUS
33%
F LE SSERAFIM
33%
F LOONA
33%
F LATENCY
0%
F LIMESODA
0%
M LNGSHOT
0%
F Loossemble
0%
M LUCY
0%
M LUMINOUS
0%
M LUN8
0%
F LUNARSOLAR
0%
No matching quizzes found
Score Distribution
Percent of People with Each Score
Percentile by Number Answered
Your Score History
You have not taken this quiz since the last reset